Представление документа в формате MARC21

Поле Инд. ПП Название Значение
Тип записи a
Библиографический уровень m
001 Контрольный номер e07c4ae8-2052-11da-83c3-0008a11c4c18
005 Дата корректировки 20140703140111.4
008 Кодируемые данные 050908
020 a ISBN 5-89282-184-6 (ИВ РАН)
a ISBN 5-93675-075-2 (Крафт+)
c Цена, тираж 378.00
040 a Служба первич. каталог. НБ ТвГУ
041 a Код языка текста rus
080 a Индекс УДК 955"19"
084 a Индекс другой классификации/Индекс ББК Т3(5ИРН)6
090 a Полочн. индекс Т3(5ИРН)
x Авторский знак А50
100 1_ a Автор Алиев Салех Мамедоглы
q Полное имя Алиев С. М.
245 00 a Заглавие История Ирана. XX век
c Ответственность [Рос. акад. наук, Ин-т востоковедения]
260 0_ a Место издания Москва
b Издательство Институт востоковедения РАН
b Издательство Крафт+
c Дата издания 2004
300 a Объем 644, [1] с.
440 _0 a Серия История стран Востока
500 a Примечание Рез.: англ.
504 a Библиография Библиогр.: с. 623-628
583 a Действие Получение впервые 252 07.09.2005
k Исполнитель действия ООО "Кроун"
650 a Основная рубрика Иран
x Основная подрубрика История
y Хронологическая подрубрика 20 в.
653 a Ключевые слова Иран
a Ключевые слова История Ирана
700 1_ a Другие авторы Егорин А. З.
e Роль лиц отв. ред. тома
700 1_ a Другие авторы Рыбаков Р. Б.
e Роль лиц гл. ред. сер.
863 t 00092558
888 a За счет средств университета
901 t Тип документа m
952 p 252.2005 378.00 1 816674
p 252.2005 378.00 1 816675
p 252.2005 378.00 1 816676
c Вид литературы К ру
954 a Дата поступления на обработку 20051014